<?xml version="1.0" encoding="UTF-8"?>
<record
    xmlns:xsi="http://www.w3.org/2001/XMLSchema-instance"
    xsi:schemaLocation="http://www.loc.gov/MARC21/slim http://www.loc.gov/standards/marcxml/schema/MARC21slim.xsd"
    xmlns="http://www.loc.gov/MARC21/slim">

  <leader>00733nam a22001817a 4500</leader>
  <controlfield tag="005">20230911105747.0</controlfield>
  <datafield tag="010" ind1=" " ind2=" ">
    <subfield code="a">HIN-125871</subfield>
  </datafield>
  <datafield tag="020" ind1=" " ind2=" ">
    <subfield code="a">9789390872275</subfield>
    <subfield code="c">300.00</subfield>
  </datafield>
  <datafield tag="035" ind1=" " ind2=" ">
    <subfield code="a">HN-98217</subfield>
  </datafield>
  <datafield tag="037" ind1=" " ind2=" ">
    <subfield code="b">DBAD/PUB.</subfield>
  </datafield>
  <datafield tag="082" ind1=" " ind2=" ">
    <subfield code="a">&#x909;</subfield>
  </datafield>
  <datafield tag="100" ind1=" " ind2=" ">
    <subfield code="a">&#x915;&#x948;&#x92B;&#x940;, &#x939;&#x92C;&#x940;&#x92C;</subfield>
    <subfield code="9">56138</subfield>
  </datafield>
  <datafield tag="245" ind1=" " ind2=" ">
    <subfield code="a">&#x92B;&#x93C;&#x941;&#x91F;&#x92A;&#x93E;&#x925; &#x915;&#x940; &#x91C;&#x92C;&#x93E;&#x928;&#x940;  /</subfield>
    <subfield code="c"> &#x939;&#x92C;&#x940;&#x92C; &#x915;&#x948;&#x92B;&#x940;</subfield>
  </datafield>
  <datafield tag="260" ind1=" " ind2=" ">
    <subfield code="a">&#x928;&#x908; &#x926;&#x93F;&#x932;&#x94D;&#x932;&#x940; </subfield>
    <subfield code="b">&#x938;&#x938;&#x94D;&#x924;&#x93E; &#x938;&#x93E;&#x939;&#x93F;&#x924;&#x94D;&#x92F; &#x92E;&#x902;&#x921;&#x932; &#x92A;&#x94D;&#x930;&#x915;&#x93E;&#x936;&#x928;</subfield>
    <subfield code="c">2021</subfield>
  </datafield>
  <datafield tag="270" ind1=" " ind2=" ">
    <subfield code="a">&#x90F;&#x928;-77 -&#x92A;&#x939;&#x932;&#x940; &#x92E;&#x902;&#x91C;&#x93C;&#x93F;&#x932; &#x915;&#x928;&#x93E;&#x91F; &#x938;&#x930;&#x94D;&#x915;&#x938; </subfield>
    <subfield code="b">&#x928;&#x908; &#x926;&#x93F;&#x932;&#x94D;&#x932;&#x940; </subfield>
    <subfield code="e">110001</subfield>
  </datafield>
  <datafield tag="300" ind1=" " ind2=" ">
    <subfield code="a">127 &#x92A;&#x943;</subfield>
    <subfield code="c">22&#x938;&#x947;&#x92E;&#x940; (&#x938;&#x91C;&#x93F;&#x932;&#x94D;&#x926;)</subfield>
  </datafield>
  <datafield tag="942" ind1=" " ind2=" ">
    <subfield code="a">dpl</subfield>
    <subfield code="c">HN</subfield>
    <subfield code="2">ddc</subfield>
    <subfield code="h">&#x909; </subfield>
    <subfield code="m">&#x915;&#x948;&#x92B;&#x940;&#x939;</subfield>
  </datafield>
  <datafield tag="999" ind1=" " ind2=" ">
    <subfield code="c">197958</subfield>
    <subfield code="d">197958</subfield>
  </datafield>
  <datafield tag="952" ind1=" " ind2=" ">
    <subfield code="0">0</subfield>
    <subfield code="1">0</subfield>
    <subfield code="4">0</subfield>
    <subfield code="7">0</subfield>
    <subfield code="a">M</subfield>
    <subfield code="b">M</subfield>
    <subfield code="d">2023-09-11</subfield>
    <subfield code="e">DBAD/PUB</subfield>
    <subfield code="g">300.00</subfield>
    <subfield code="l">0</subfield>
    <subfield code="o">&#x909; &#x915;&#x948;&#x92B;&#x940;&#x939;  </subfield>
    <subfield code="p">HN-98217</subfield>
    <subfield code="r">2023-09-11 00:00:00</subfield>
    <subfield code="t">1</subfield>
    <subfield code="v">300.00</subfield>
    <subfield code="w">2023-09-11</subfield>
    <subfield code="y">HN</subfield>
  </datafield>
</record>
